02558cam a2200313 a 450000100090000000300040000900500170001300800410003001500190007101600180009002000380010802000350014602000240018103500240020503500210022904000490025008200190029924500990031826000650041730000320048250400510051450510290056550504770159465000190207165000170209070000330210770000210214085600830216115264104OSt20230605142108.0080416s2008 enka b 001 0 eng  aGBA8684442bnb7 a0146212372Uk a9780754649038 (hbk. : alk. paper) a0754649032 (hbk. : alk. paper) a9781841137728 (pbk) a(OCoLC)ocn226038015 a(OCoLC)226038015 aDLCcDLCdBTCTAdYDXCPdBWKUKdBWKdUKMdDLC00a328.37322bSTE00aDrafting legislation :ba modern approach /cedited by Constantin Stefanou and Helen Xanthaki. aAldershot, England ;aBurlington, VT :bAshgate Pub.,c2008. ax, 336 p. :bill. ;c24 cm. aIncludes bibliographical references and index.0 aOn transferability of legislative solutions : the functionality test / Helen Xanthaki -- Drawing the line / Stephen Laws -- Legislative intention / Ian McLeod -- Legislator's intent : how judges discern it and what they do if they find it / Keith Mason -- The techniques of gender-neutral drafting / Daniel Greenberg -- Drafting legislation at the tax law rewrite project / Hayley Rogers -- Retrospectivity in the drafting and interpretation of legislation / Lydia Clapinska -- Repealing or amending legislation by non-legislative means / Alec Samuels -- Pre-legislative scrutiny / Zione Ntaba -- The role of the legislative drafter in promoting social transformation / Richard C. Nzerem -- Improving democratic development by better regulation / Ulrich Karpen -- Drafting principles of existing European contract law / Gerhard Dannemann -- Drafting of EU acts : a view from the European commission / William Robinson -- Drafting to implement EU law : the European arrest warrant in the United Kingdom / Valsamis Mitsilegas.0 aProcedures for the approximation of Albanian legislation with the acquis communautaire / Alfred E. Kellermann -- Compromise and clarity in international drafting / Eileen Denza -- Can legislation rank as literature? / Helen Caldwell -- Open management of legislative documents / Giovanni Sartor -- Between policy and implementation : legislative drafting for development / Ann Seidman, Robert B. Seidman -- Drafting, drafters, and the policy process / Constantin Stefanou. 0aBill drafting. 0aLegislation.1 aStefanou, Constantin,d1961-1 aXanthaki, Helen.413Table of contents onlyuhttp://www.loc.gov/catdir/toc/ecip0816/2008017341.html